000 00433nam a2200181Ia 4500
003 0STCL
008 150530s9999 xx 000 0 und d
040 _aSTCL
_cSTCL
100 _aZiman, J.M.
245 _aPrinciples of the theory of solids
250 _aSecond
260 _bUniversity Press; Cambridge
_c1999
_aCambridge
300 _a0
546 _aEnglish
942 _2ddc
_cBK
999 _c28730
_d28730
005 20220125170135.0